000 00546nam a2200193Ia 4500
001 13201
003 GE_BSU
008 181216s||||||||xx |||||||||||||| ||und||
040 _cGE_BSU
080 _a633.71(075.32)
100 _aЛеонов,И.П.;Петренко,А.Г.;Г.М.Псарев
245 _aПособие для табаковода
260 _aМосква
260 _bВысшая школа
260 _c1980
300 _a352стр.илл.20см.
653 _aПособие для табаковода
942 _cBK
999 _c46365
_d46365